000 00881nam a2200205 4500
005 20150323163413.0
007 000
008 000
020 _a1853392502
040 _aUOEL
050 _aS540.A4
_b.B49 1994
245 _aBeyond Farmer First:
_bRural people's knowledge agricultural research and extension practice /
_cEdited [by] Ian Scoones and John Thompson with a foreword by Robert Chambers.
260 _aLondon
_bIntermediate Technology Publications
_cc1994
300 _axvi,301 p, :
_bill.
500 _aIncludes index and appendices.
505 _aPART 1. Theoretical reflections on knowledge, power and practice PART 11.Methodological innovations,applications and challenges. PART 111. Transforming institutions and changing policies.
650 _aAgricultural research and extension
_xAgriculture
700 _aScoones, Ian and Thompson, John
942 _2lcc
_cLL
999 _c3094
_d3094